Anthology of Islamic Literature (Record no. 1365)

MARC details
000 -LEADER
fixed length control field 00609nam a2200253 a 4500
020 ## - INTERNATIONAL STANDARD BOOK NUMBER
ISBN
082 00 - DEWEY DECIMAL CLASSIFICATION NUMBER
Classification number 892.73
Author Cutter KRI
100 ## - MAIN ENTRY--AUTHOR NAME
Author name Kritzeck, James
245 ## - TITLE STATEMENT
Title Anthology of Islamic Literature
260 ## - PUBLICATION, DISTRIBUTION, ETC. (IMPRINT)
Place of publication England
Name of publisher Penguin Book
Year of publication 1964
300 ## - PHYSICAL DESCRIPTION
Number of Pages 395p
500 ## - GENERAL NOTE
General note includes index and biblioraphy
505 2# - FORMATTED CONTENTS NOTE
Formatted contents note Ill.
650 ## - SUBJECT ADDED ENTRY--TOPICAL TERM
Topical Term Islamic-Literature
650 ## - SUBJECT ADDED ENTRY--TOPICAL TERM
Topical Term Arabic-Literature
942 ## - ADDED ENTRY ELEMENTS (KOHA)
Koha item type Books
700 1# -
-- Kritzeck, James
Holdings
Collection code Home library Current library Date acquired Cost, normal purchase price Full call number Accession Number Koha item type
  Henry Martyn Institute Library Henry Martyn Institute Library 06/04/2007 100.00 892.73 KRI 02864 Books
                   Copyright © 2026 | Henry Martyn Institute | Hyderabad | TS-500052 | INDIA | Implemented by hmi.edu.in
Hit-Count:

Powered by Koha